| 000 | 00515nam a2200181 i 4500 | ||
|---|---|---|---|
| 001 | 40861 | ||
| 003 | ES-MaACL | ||
| 005 | 20230906160327.0 | ||
| 007 | t| | ||
| 008 | 030307s1970 sp ||||1| spa d | ||
| 100 | 1 |
_aCapote, Truman. _934884 |
|
| 245 | 1 | 0 |
_aOtras voces, otros ámbitos / _cTruman Capote ; [traducción de Floreal Macía]. |
| 250 | _a1ª ed. | ||
| 260 |
_aBarcelona : _bEdhasa, _c1970. |
||
| 300 |
_a214 p. ; _c19 cm. |
||
| 700 | 1 |
_aMacía, Floreal. _975204 |
|
| 852 |
_aES-MaACL _jC-40248 _bR.75078 |
||
| 999 |
_c40861 _d40861 |
||